004860000a22001450004500003001100000005001700011008004100028040003900069041000800108082001600116245010200132260006400234300002200298650002000320LK-CoMWRAF20231120144534.0230817t1975 ||||| |||| 00| 0 eng d aLK-CoMWRAFdLK-CoMWRAFeLK-CoMWRAF aeng a305.42bWOM aWomen of Sri Lanka: bA Special Publication on the Status of Women for International Women's Year a[Colombo]:bMinistry of Information and Broadcasting,c1975 a75 p. photographs aWOMEN-Sri Lanka